书目信息 |
| 题名: |
本性
|
|
| 作者: | 王宗明 | |
| 分册: | ||
| 出版信息: | 北京 中国社会出版社 1999 |
|
| 页数: | 306 | |
| 开本: | 20cm | |
| 丛书名: | ||
| 单 册: | ||
| 中图分类: | B038 | |
| 科图分类: | ||
| 主题词: | 历史唯物主义 | |
| 电子资源: | ||
| ISBN: | 7-80146-209-2 | |
| 000 | 00561nam0 2200193 450 | |
| 001 | 0760515518 | |
| 005 | 20070817164835.51 | |
| 010 | @a7-80146-209-2@d¥20.00 | |
| 100 | @a20070817d km y0chiy0120 ea | |
| 101 | 0 | @achi |
| 200 | 1 | @a本性@Aben xing@e人对自身的再认识@f王宗明@Fwang zong ming |
| 210 | @a北京@c中国社会出版社@d1999 | |
| 215 | @a306@d20cm | |
| 517 | 1 | @a人对自身的再认识@Aren dui zi shen de zai ren shi |
| 606 | 0 | @a历史唯物主义 |
| 690 | @aB038@v3 | |
| 701 | 0 | @a王宗明@Awang zong ming |
| 801 | 0 | @aCN@bPFT@c20070817 |
| 905 | @a213230@dB038@eg28@f1 | |
| 本性:人对自身的再认识/王宗明.-北京:中国社会出版社,1999 |
| 306;20cm |
| ISBN 7-80146-209-2:¥20.00 |
| ● |
| 相关链接 |
|
|
|
|
正题名:本性
索取号:B038/g28
 
预约/预借
| 序号 | 登录号 | 条形码 | 馆藏地/架位号 | 状态 | 备注 |
| 1 | 6500204 | 265002043 | 经管系资料室/ [索取号:B038/g28] | 在馆 |